<La> extinción del contrato de alta dirección / (Record no. 263)

MARC details
000 -LEADER
campo de control de longitud fija 00786nam a2200289Ia 4500
001 - NÚMERO DE CONTROL
campo de control 005169
008 - DATOS DE LONGITUD FIJA--INFORMACIÓN GENERAL
campo de control de longitud fija 221003s1995 xx 000 0 spa d
020 ## - NÚMERO INTERNACIONAL ESTÁNDAR DEL LIBRO
Número Internacional Estándar del Libro 84-8002-199-3
035 ## - NÚMERO DE CONTROL DEL SISTEMA
Número de control de sistema CENDO_264
041 ## - CÓDIGO DE IDIOMA
Código de lengua del texto/banda sonora o título independiente spa
084 ## - OTRO NÚMERO DE CLASIFICACIÓN
Número de clasificación CD-15999
100 ## - ENTRADA PRINCIPAL--NOMBRE DE PERSONA
Nombre de persona MARTINEZ MORENO, Carolina
9 (RLIN) 769
245 #0 - MENCIÓN DEL TÍTULO
Título <La> extinción del contrato de alta dirección /
Mención de responsabilidad, etc. Carolina Martínez Moreno
260 ## - PUBLICACIÓN, DISTRIBUCIÓN, ETC.
Lugar de publicación, distribución, etc. Valencia :
Nombre del editor, distribuidor, etc. Tirant lo Blanch,
Fecha de publicación, distribución, etc. 1995
300 ## - DESCRIPCIÓN FÍSICA
Extensión 110 p. ;
Dimensiones 21 cm
490 ## - MENCIÓN DE SERIE
Mención de serie Colección Laboral ;
Designación de volumen o secuencia 13
650 ## - PUNTO DE ACCESO ADICIONAL DE MATERIA--TÉRMINO DE MATERIA
Término de materia o nombre geográfico como elemento de entrada ALTA DIRECCION
9 (RLIN) 770
650 ## - PUNTO DE ACCESO ADICIONAL DE MATERIA--TÉRMINO DE MATERIA
Término de materia o nombre geográfico como elemento de entrada CONTRATO DE TRABAJO
9 (RLIN) 165
650 #0 - PUNTO DE ACCESO ADICIONAL DE MATERIA--TÉRMINO DE MATERIA
Término de materia o nombre geográfico como elemento de entrada LEGISLACION DEL TRABAJO
9 (RLIN) 126
901 ## - ELEMENTOS DE DATOS A LOCAL LDA (RLIN)
a 1
903 ## - ELEMENTOS DE DATOS C LOCAL, LDC (RLIN)
a NO
904 ## - ELEMENTOS DE DATOS D LOCAL, LDD (RLIN)
a 000
953 ## -
-- 1996-03-29
-- MONOGRAFIA
-- CD-15999
910 ## - DATOS DE OPCIÓN DEL USUARIO (OCLC)
Datos de opción del usuario 1995
942 ## - ELEMENTOS DE ENTRADA SECUNDARIOS (KOHA)
Tipo de ítem Koha Monografía
Holdings
Estatus retirado Estado de pérdida Estado de daño No para préstamo Biblioteca de origen Biblioteca actual Fecha de adquisición Total de préstamos Signatura topográfica completa Código de barras Visto por última vez Precio de reemplazo Tipo de ítem Koha
        CENDO CENDO 29/03/1996   CD-15999 CENDO_264 05/10/2022 05/10/2022 Monografía